000 01116nam a22003017ab4500
999 _c328353
_d328353
003 BLK
005 20240827005350.0
008 190104b bu ||||| |||| 00| 0 bu d
020 _a978-3-19-301206-7
040 _aBLK
041 _aDEU
_cDEU
080 _aНемски език (високонемски, стандартен писмен)
_b811.112.2
_z811.112.2-5(076)
100 _9308176
_aHering, Axel
_eпърви автор
139 _aHering, Axel
_bH 57
245 _aSicher!
_bDeutsch als Fremdsprache: Ubungsgrammatik: Niveau B1+, B2, C1
_cAxel Hering, Magdalena Matussek, Michael Perlmann-Balme
257 _aDEU
260 _9210160
_aMuchen
_bHueber
_c2018
300 _a240 c.
_c28 cm.
_eLosungschlussel
380 _a80
650 0 _9274141
_aНемски език - граматика - упражнения
653 7 _aнемски език
_9192028
653 7 _9184355
_aграматика
700 1 _918144
_aMatussek, Magdalena
_eсъавт.
700 _aPerlmann-Balme, Michaela
_eсъавт.
_91445
852 _bЧ5
_cЧ5 803.0-5/H 57
942 _cKNG
_n0
_03
999 _d328353
944 _k
_lCRON CRON